Running foul of building control (Record no. 33388)
[ view plain ]
| 000 -LEADER | |
|---|---|
| fixed length control field | 01535cab a2200277 4500 |
| 001 - CONTROL NUMBER | |
| control field | ABS45681 |
| 008 - FIXED-LENGTH DATA ELEMENTS--GENERAL INFORMATION | |
| fixed length control field | 090401t1992 xxu||||| |||| 00| 0 eng d |
| 035 ## - SYSTEM CONTROL NUMBER | |
| System control number | (Sirsi) u54470 |
| 041 ## - LANGUAGE CODE | |
| Language code of text/sound track or separate title | eng |
| 100 ## - MAIN ENTRY--PERSONAL NAME | |
| Personal name | Powell-Smith, V. |
| 245 ## - TITLE STATEMENT | |
| Title | Running foul of building control |
| 260 ## - PUBLICATION, DISTRIBUTION, ETC. | |
| Date of publication, distribution, etc. | 1992 |
| 350 ## - PRICE (NR) (BK AM CF MU VM SE) [OBSOLETE] | |
| Price | 0 |
| 490 ## - SERIES STATEMENT | |
| Series statement | Contract Journal |
| Volume/sequential designation | 362(5854/5) 2 January 1992, 7(1) |
| 520 ## - SUMMARY, ETC. | |
| Summary, etc. | Two cases have recently been reported where the lack of remedial work to a building was the cause of dispute. Two issues arose in the first, where a breach in the Building Regulations was not initially rectified, and a late attempt to do so was prevented by the owner. It was decided that the contravention could not be held against the builder if the remedy was obstructed by the owner. But, lack of intent could be alleged once a part of the building was purported to be finished; action did not have to wait for practical completion. In the second, argument arose over deliberate or fraudulent concealment conducted 20 years previously. A time bar had arisen which could be waived if concealment could be proved. However, hard evidence had to be forthcoming to win the case. |
| 650 ## - SUBJECT ADDED ENTRY--TOPICAL TERM | |
| Topical term or geographic name entry element | ANTINO V EPPING FOREST DC |
| 650 ## - SUBJECT ADDED ENTRY--TOPICAL TERM | |
| Topical term or geographic name entry element | BUILDING CONTROL |
| 9 (RLIN) | 6222 |
| 650 ## - SUBJECT ADDED ENTRY--TOPICAL TERM | |
| Topical term or geographic name entry element | CASE LAW |
| 650 ## - SUBJECT ADDED ENTRY--TOPICAL TERM | |
| Topical term or geographic name entry element | FRAUD |
| 650 ## - SUBJECT ADDED ENTRY--TOPICAL TERM | |
| Topical term or geographic name entry element | LEICESTER WHOLESALE FRUIT MARKET LTD V GRUNDY |
| 650 ## - SUBJECT ADDED ENTRY--TOPICAL TERM | |
| Topical term or geographic name entry element | LIMITATION ACT 1980 S32(1) |
| 650 ## - SUBJECT ADDED ENTRY--TOPICAL TERM | |
| Topical term or geographic name entry element | PRACTICAL COMPLETION |
| 690 ## - LOCAL SUBJECT ADDED ENTRY--TOPICAL TERM (OCLC, RLIN) | |
| Topical term or geographic name as entry element | BUILT ENVIRONMENT-BUILDING CONTRACT FORMS |
| 942 ## - ADDED ENTRY ELEMENTS (KOHA) | |
| Suppress in OPAC | 0 |
| 948 ## - LOCAL PROCESSING INFORMATION (OCLC); SERIES PART DESIGNATOR (RLIN) | |
| c (OCLC) | 04/03/1997 |
| Withdrawn status | Lost status | Source of classification or shelving scheme | Damaged status | Not for loan | Home library | Current library | Shelving location | Date acquired | Total Checkouts | Full call number | Barcode | Date last seen | Copy number | Price effective from | Koha item type |
|---|---|---|---|---|---|---|---|---|---|---|---|---|---|---|---|
| Dewey Decimal Classification | London | London | Journal article | 14/09/1999 | ABS45681 | 54470-1001 | 06/08/2019 | 1 | 06/08/2019 | Journal article |